Estadísticas para Islas Europeas

Haz click aquí para intentar la prueba.

Estadísticas generales

  • Esta prueba ha sido intentada 74 veces
  • La puntuación promedio es 10 de 16

Estadísticas de respuestas

PistaIsla% Correcto
El miembro más pequeño de la Unión EuropeaMalta
98%
Palermo es la ciudad más grande de esta islaSicilia
97%
La isla más grande de España.Mallorca
94%
La isla más poblada de EuropaGran Bretaña
92%
Esta ciudad es conocida por sus canalesVenecia
87%
Isla francesa en el MediterráneoCórcega
79%
La civilización minoica habitó esta islaCreta
76%
Cadena de islas al norte de Escocia propiedad de DinamarcaIslas Feroe
74%
Esta isla albergaba un antiguo ColosoRodas
66%
La Isla Poblada menos poblada de las Islas Baleares.Formentera
60%
Hogar de EyjafjallajökullIslandia
56%
Tras abdicar, Napoleón fue exiliado a esta islaElba
48%
La isla italiana de un famoso conde de ficciónMontecristo
31%
Copenhague se encuentra aquíZelandia
29%
Isla croata cuyo nombre tiene tres letras y ninguna vocalKrk
23%
La isla más grande enteramente en el Mar BálticoGotland
13%

Distribución de puntuación

Porcentaje por número respondido

Porcentaje de gente con cada puntuación

Historial de tus puntuaciones

No has intentado esta prueba.